000 nam a22 7a 4500
999 _c9221
_d9221
008 180124b ||||| |||| 00| 0 eng d
100 _aCBSE
_95479
245 _aChemistry - IX
260 _aNew Delhi
_bRachna Publication
_c2009